| 000 | 00690cam a22002055a 4500 | ||
|---|---|---|---|
| 001 | ##J100724 | ||
| 008 | 000000s1908 000 0 eng u | ||
| 035 | _a(Sirsi) u100724 | ||
| 041 | 0 | _aeng | |
| 050 | 0 | 4 | _a336.22 $2 18 |
| 110 | 2 |
_aSurveyors' Institution _bCumberland and West Morland Committee _94862 |
|
| 245 | 0 | 0 | _aTaxation of land value |
| 260 |
_aCockermouth _bBailey _c1908 |
||
| 300 |
_a12p. _c20cm. |
||
| 520 | _aPaper was read by J. R. Corbett before the committee at the Keswick Hotel on Saturday 8 April, 1908. | ||
| 651 | 4 |
_aGreat Britain _y1707- |
|
| 690 | _aPROPERTY-RURAL AND NATURAL ASSETS-RURAL AND NATURAL ASSET TAXATION | ||
| 700 | 1 | _aCorbett, J. R. | |
| 942 | _n0 | ||
| 999 |
_c99781 _d99781 |
||